01428cam a22003494a 4500952014600000952014600146999001500292001000900307003000400316005001700320008004100337010001700378020001500395020001800410020002100428040001800449042000800467050002500475082002200500100003100522245007200553250001200625260003500637300003700672504006800709650002500777700002700802856008700829856007500916906004500991942004201036 00102ddc40708COMPUTER SCIENCEaMESbMEScCOMPd2019-02-20g337.00l0o005.74 RAM/Dp28230r2019-02-20 00:00:00t1w2019-02-20yBKzGL32R3 00102ddc40708COMPUTER SCIENCEaMESbMEScCOMPd2019-02-20g338.00l0o005.74 RAM/Dp28314r2019-02-20 00:00:00t2w2019-02-20yBKzGL32R3 c6535d653512799940OSt20200130143331.0020603s2003 maua b 001 0 eng  a 2002075205 a0072465638 a9780071231510 a0071151109 (ISE) aDLCcDLCdDLC apcc00aQA76.9.D3bR237 200300a005.74221bRAM/D aRamakrishnan, Raghu 9141210aDatabase management systems /cRaghu Ramakrishnan, Johannes Gehrke. a3rd ed. aBoston :bMcGraw-Hill,cc2003. axxxii, 1065 p. :bill. ;c25 cm. aIncludes bibliographical references (p. 1005-1044) and indexes. 0aDatabase management.1 aGehrke, Johannes91667423Publisher descriptionuhttp://www.loc.gov/catdir/description/mh024/2002075205.html413Table of contentsuhttp://www.loc.gov/catdir/toc/mh023/2002075205.html a7bcbccorignewd1eocipf20gy-gencatlg 2ddccBKh005.74iRAM/Dk005.74mRAM/D